Aligarh movement (Record no. 508125)

MARC details
000 -LEADER
fixed length control field 00700nam a2200241Ia 4500
003 - CONTROL NUMBER IDENTIFIER
control field OSt
005 - DATE AND TIME OF LATEST TRANSACTION
control field 20220925184547.0
008 - FIXED-LENGTH DATA ELEMENTS--GENERAL INFORMATION
fixed length control field 220923b |||||||| |||| 00| 0 eng d
037 ## - SOURCE OF ACQUISITION
Terms of availability General Book
040 ## - CATALOGING SOURCE
Original cataloging agency RTL
Transcribing agency RTL
Language of cataloging eng
041 ## - LANGUAGE CODE
Source of code eng
Language code of text/sound track or separate title eng
100 ## - MAIN ENTRY--PERSONAL NAME
Personal name Jain M S
9 (RLIN) 26893
245 #0 - TITLE STATEMENT
Title Aligarh movement
Remainder of title Its origin and development 1856-
260 ## - PUBLICATION, DISTRIBUTION, ETC.
Place of publication, distribution, etc. Agra
Name of publisher, distributor, etc. Sri Ram Mehra
Date of publication, distribution, etc. 1965
300 ## - PHYSICAL DESCRIPTION
Extent ix, 201p
Dimensions cm.
500 ## - GENERAL NOTE
General note Bibliography: P 187-96
650 ## - SUBJECT ADDED ENTRY--TOPICAL TERM
Topical term or geographic name entry element Communalism
942 ## - ADDED ENTRY ELEMENTS (KOHA)
Classification part Y:49(Q).252Ga.N06<--M56, K5
Koha item type General Books
Source of classification or shelving scheme Colon Classification (CC)

No items available.

Copyright @ Delhi University Library System